| 000 | 00759nam a2200205 a 4500 | ||
|---|---|---|---|
| 008 | 120416s2001 ||||||||||||||||| || u | ||
| 020 | _a0750645679 | ||
| 050 | _aTS 230 Bee | ||
| 100 | _aBeeley, Peter R | ||
| 245 | 1 | 0 | _aFoundry technology |
| 250 | _a2nd ed. | ||
| 260 |
_aOxford _bBUTTERWORTH HEINEMANN _c2001 |
||
| 300 | _ax, 719p. : ill. | ||
| 350 | _a0.00 | ||
| 500 | _aBibliography | ||
| 650 | 7 |
_aTECHNOLOGY _2fast |
|
| 650 | _aFounding | ||
| 995 |
_aSHORT LOAN BOOKS _D0.00 _e734674 _FCBU-MAIN LIBRARY (Kitwe) _H1 _I40.00 _jTS 230 Bee _M1 _UAVAILABLE _y47839 _ZShort Loan Collection |
||
| 995 |
_aMAIN LIBRARY OPEN ACCESS _D0.00 _e739120 _FCBU-MAIN LIBRARY (Kitwe) _H1 _I0.00 _jTS 230 Bee _M2 _UAVAILABLE _WJan 29, 2009 _y739120 _ZMain Library Open Access Collection |
||
| 999 |
_c63275 _d63275 |
||